La cara oculta de J.F. Kennedy / (Registro nro. 7063)

Detalles MARC
000 -LEADER
fixed length control field 01442nam a22002897a 4500
003 - CONTROL NUMBER IDENTIFIER
control field OSt
005 - DATE AND TIME OF LATEST TRANSACTION
control field 20210119115221.0
008 - FIXED-LENGTH DATA ELEMENTS--GENERAL INFORMATION
fixed length control field 210119s1998 sp ao||gr|||| 00| 0bspa d
020 ## - INTERNATIONAL STANDARD BOOK NUMBER
International Standard Book Number 8408024760
040 ## - CATALOGING SOURCE
Original cataloging agency CO-JMCR
Transcribing agency CO-JMCR
041 1# - LANGUAGE CODE
Language code of text/sound track or separate title spa
Language code of original eng
082 04 - DEWEY DECIMAL CLASSIFICATION NUMBER
Edition number 23
Classification number 973.9220922 /
Item number H572l
100 1# - MAIN ENTRY--PERSONAL NAME
Personal name Hersh, Seymour H.,
Relator term autor
9 (RLIN) 12865
245 13 - TITLE STATEMENT
Title La cara oculta de J.F. Kennedy /
Statement of responsibility, etc. Seymour M. Hersh ; traducción de Luis Murillo y Jaime Zulaika
250 ## - EDITION STATEMENT
Edition statement Primera edición
260 ## - PUBLICATION, DISTRIBUTION, ETC.
Place of publication, distribution, etc. Barcelona (España) :
Name of publisher, distributor, etc. Planeta,
Date of publication, distribution, etc. 1998
300 ## - PHYSICAL DESCRIPTION
Extent 526 páginas :
Other physical details fotografías a blanco y negro ;
Dimensions 23 cm.
490 0# - SERIES STATEMENT
Series statement Documentos
500 ## - GENERAL NOTE
General note Datos biográficos del autor en solapa frontal.
505 ## - FORMATTED CONTENTS NOTE
Formatted contents note 22 de Noviembre -- Jack -- Honey Fitz -- Joe -- El embajador -- Enfrentamiento con Roosevelt -- Se vende nominación -- Candidatura en peligro -- Lyndon -- Elecciones amañadas -- Secreto de campaña -- Trampa para Nixon -- Acción ejecutiva -- Bahía de cochinos -- Servicio secreto -- Crisis en Berlín Objetivo: Castro -- Judith -- Primer matrimonio -- La crisis de los misiles -- Engaños -- Ellen -- Vietnam -- Últimos días
650 24 - SUBJECT ADDED ENTRY--TOPICAL TERM
Topical term or geographic name entry element Presidentes
Geographic subdivision Estados Unidos
9 (RLIN) 12866
650 24 - SUBJECT ADDED ENTRY--TOPICAL TERM
Topical term or geographic name entry element Familia Kennedy
Geographic subdivision Estados Unidos
9 (RLIN) 12867
650 24 - SUBJECT ADDED ENTRY--TOPICAL TERM
Topical term or geographic name entry element Clan de los Kennedy
Geographic subdivision Estados Unidos
9 (RLIN) 12868
700 1# - ADDED ENTRY--PERSONAL NAME
Personal name Murillo, Luis,
Relator term traductor
9 (RLIN) 12869
700 1# - ADDED ENTRY--PERSONAL NAME
Personal name Zulaika, Jaime,
Relator term traductor
9 (RLIN) 12870
942 ## - ADDED ENTRY ELEMENTS (KOHA)
Source of classification or shelving scheme Dewey Decimal Classification
Koha item type Books
Existencias
Withdrawn status Lost status Source of classification or shelving scheme Damaged status Not for loan Home library Current library Shelving location Date acquired Source of acquisition Total Checkouts Full call number Barcode Date last seen Copy number Price effective from Koha item type
    Dewey Decimal Classification     Biblioteca Pública José María del Castillo y Rada Biblioteca Pública José María del Castillo y Rada General Stacks 04/15/2018 Donación   973.9220922 / H572l 201810157 05/16/2024 Ej.1 04/15/2018 Books